Invariant means on topological groups and their applications
I tiakina i:
| Kaituhi matua: | |
|---|---|
| Hōputu: | Pukapuka |
| Reo: | Ingarihi |
| I whakaputaina: |
Nueva York
Van Nostrand-Reinhold
1969
|
| Rangatū: | Van Nostrand mathematical studies, 16
|
| Ngā marau: | |
| Ngā Tūtohu: |
Tāpirihia he Tūtohu
Kāore He Tūtohu, Me noho koe te mea tuatahi ki te tūtohu i tēnei pūkete!
|
MARC
| LEADER | 00000nam a2200000 a 4500 | ||
|---|---|---|---|
| 001 | UCW1198 | ||
| 003 | CL-VaPUC | ||
| 008 | 911211e19690000US |||||||||||||||||eng|d | ||
| 082 | 0 | 4 | |a 512.24 |b GRE |2 21 |
| 100 | |a Greenleaf, Frederick P |e author |9 573270 | ||
| 245 | 1 | 0 | |a Invariant means on topological groups and their applications |
| 300 | |a 113 p | ||
| 942 | |c BK | ||
| 945 | |d 19911211 00:00:00 | ||
| 260 | |a Nueva York |b Van Nostrand-Reinhold |c 1969 | ||
| 650 | 7 | |a GRUPOS TOPOLOGICOS |2 CL-VaPUC |9 270584 | |
| 583 | |a last modification |c 19911211 00:00:00 |k Rodrigo Vera | ||
| 490 | 0 | |a Van Nostrand mathematical studies, 16 | |
| 999 | |c 216117 |d 216115 | ||
| 952 | |0 0 |1 0 |4 0 |6 512_240000000000000_GRE_1969 |7 0 |8 A |9 201590 |a BIBMAT |b BIBMAT |d 2019-11-14 |i 2688565 |o 512.24 GRE 1969 |p 2688565 |r 2025-01-07 |w 2019-11-14 |y BK |k MAT | ||